LEADER 04197cam a2200433Ia 4500
001 001663278-8
005 20161108021503.0
008 780421s1946 dcua f001 0 eng
010 |a  46026855  
035 0 |a ocm03820704 
035 0 |a ocm03820704  |z ocm00242408  |z ocm00391395  |z ocm00404975 
040 |a DLC  |c TLM  |d OCL  |d XBM  |d OCL  |d URB  |d WSU  |d SER  |d OCL  |d CAV  |d SLU  |d HVL 
043 |a e-gx--- 
050 0 |a D804.G42  |b A4 
060 4 |a KZ1176  |b .N39 1946 
082 |a 341.3 
086 0 |a W 1.2:N 23 
110 1 |a United States.  |b Office of Chief of Counsel for the Prosecution of Axis Criminality. 
245 1 0 |a Nazi conspiracy and aggression /  |c Office of United States Chief of Counsel for Prosecution of Axis Criminality. 
260 |a Washington :  |b U.S. G.P.O.,  |c 1946. 
300 |a 8 v. :  |b ill. ;  |c 24 cm. 
500 |a Seals of Dept. of State, War Office and International Military Trials on t.p. 
500 |a Includes index. 
500 |a Kept up to date by supplements. 
505 0 |a v. 1. Agreement by the United States, France, Great Britain, and the Soviet Union for the prosecution and punishment of the major war criminals of the European Axis. Charter of the International Military Tribunal and protocol of 6 October 1945. International Military Tribunal, indictment no. 1 and statement of reservation filed by U.S. Chief of Counsel. Motions, rulings, and explanatory material relating to certain of the defendants. Opening address for the United States. Organization of the Nazi Party and state. Means used by the Nazi conspirators in gaining control of the German state. Economic aspects of the conspiracy. Launching of wars of aggression. The slave labor program, the illegal use of prisoners of war, and the special responsibility of Sauckel and Speer therefor. Concentration camps. The persecution of the Jews. Germanization and spoliation. The plunder of art treasures -- v. 2. Criminality of groups and organizations. Individual responsibility of defendants --  
505 0 |a v. 3. Document number 001-PS through 1406-PS -- v. 4. Document number 1409-PS through 2373-PS -- v. 5. Document number 2374 through PS-3311-PS -- v. 6. Document number 3313-P-3901-PS. Document number C-2- through C-195. Document number D-39 through D-281 -- v. 7. Document number D-283 through D-786. Document number EC-3 through EC-620. Document number ECH-1 through ECH-24. Document number ECR-14 through ECR-197. Document number L-3 through L-361. Document number M-1 -- v. 8. Document number M-2 through M-158. Document number R-36 through R-150. Document number TC-1 through TC-93. Document number UK-20 through UK-81. Affidavit A through J. Statement I through XV. Chart No. 1 through chart No. 13. Index of documents. Chart No. 14 through 19 --  
505 0 |a Suppl. A. Rules of the International Military Tribunal. Closing address for United States of America by Robert H. Jackson, Chief of Counsel. Closing address for United Kingdom, Great Britain and Ireland, by Sir Hartley Shawcross. Closing argument for the provisional government of the French Republic by M. Champetier de Ribes and M. Dubost. Closing argument for the Union of Soviet Socialist Republic by Lt. Gen. R.A. Rudenko -- Closing statement for United States of America on the indicted organizations by Thomas J. Dodd. Closing arguments for United States of American on general staff and high command by Brig. Gen. Telford Taylor -- Suppl. B. The defense case. Pre-trial interrogations. 
504 |a Includes bibliographical references and indexes. 
650 0 |a War crime trials  |z Germany. 
650 0 |a World War, 1939-1945  |z Germany. 
650 0 |a World War, 1939-1945  |x Atrocities. 
650 0 |a Nuremberg Trial of Major German War Criminals, Nuremberg, Germany, 1945-1946. 
651 0 |a Germany  |x Politics and government  |y 1933-1945. 
710 1 |a United States.  |b Department of State. 
710 1 |a United States.  |b War Department. 
710 2 |a International Military Tribunal. 
776 0 8 |i Online version:  |a United States. Office of Chief of Counsel for the Prosecution of Axis Criminality.  |t Nazi conspiracy and aggression.  |d Washington : U.S.G.P.O., 1946  |w (OCoLC)567488562 
988 |a 20020608 
906 |0 DLC